Empire's last casualty : (Record no. 515766)

000 -LEADER
fixed length control field 00313nam a22000977a 4500
082 ## - DEWEY DECIMAL CLASSIFICATION NUMBER
Classification number TNC A6x5411 D26
100 ## - MAIN ENTRY--PERSONAL NAME
Personal name Dastidar, Sachi G.
9 (RLIN) 21588
245 ## - TITLE STATEMENT
Title Empire's last casualty :
Remainder of title Indian subcontinent's vanishing hindu and other minorities
Statement of responsibility, etc by Sachi G. Dastidar
260 ## - PUBLICATION, DISTRIBUTION, ETC. (IMPRINT)
Place of publication, distribution, etc Kolkata
Name of publisher, distributor, etc FKPL
Date of publication, distribution, etc 2008
300 ## - PHYSICAL DESCRIPTION
Extent 333p.
Holdings
Withdrawn status Lost status Source of classification or shelving scheme Damaged status Koha normalized classification for sorting Not for loan Permanent location Current location Date acquired Full call number Barcode Date last seen Price effective from Koha item type
        TNC_A6X5411_D26   Indian Institute of Public Administration Indian Institute of Public Administration 2021-02-05 TNC A6x5411 D26 GR22789 2021-02-05 2021-02-05 GR

Powered by Koha